[Event "SVK-chT5 A22 2223"]
[Site "Slovakia"]
[Date "2023.03.18"]
[Round "9.3"]
[White "Motycka, Juraj1111"]
[Black "Hutta, Marian"]
[Result "1-0"]
[WhiteElo "1444"]
[BlackElo "1285"]
[PlyCount "93"]
[EventDate "2022.10.15"]
[EventType "team-tourn"]
[EventRounds "9"]
[EventCountry "SVK"]
[SourceTitle "EXT 2024"]
[Source "ChessBase"]
[SourceDate "2023.10.10"]
[SourceVersion "1"]
[SourceVersionDate "2023.10.10"]
[SourceQuality "1"]
[WhiteTeam "Hlohovec III"]
[BlackTeam "Modranka Komplet Juniors II"]
[WhiteTeamCountry "SVK"]
[BlackTeamCountry "SVK"]

1. e4 e5 2. Nf3 Nc6 3. Bb5 d6 4. h3 Nf6 5. d3 h6 6. 0-0 Be7 7. Re1 0-0 8. c3 Re8 9. d4 Nd7 10. Nbd2 a6 11. Ba4 b5 12. Bb3 Bb7 13. Nf1 Nf6 14. Ng3 Bf8 15. a4 b4 16. d5 bxc3 17. dxc6 cxb2 18. Bxb2 Bxc6 19. Bd5 Qd7 20. Bxc6 Qxc6 21. Rc1 Qb6 22. Ba3 c5 23. Rb1 Qc6 24. Qc2 Rab8 25. Nd2 Nh7 26. Nc4 Ng5 27. a5 Rb5 28. Rxb5 axb5 29. Nb6 Ne6 30. Ne2 Be7 31. Bc1 Bd8 32. Nd5 Kh7 33. Bd2 b4 34. Bxb4 Qb5 35. Bd2 Bxa5 36. Bxa5 Qxa5 37. Rb1 Nc7 38. Nxc7 Qxc7 39. Nc3 Rd8 40. Qb3 Qe7 41. Nd5 Qf8 42. Qf3 f6 43. Qf5+ Kh8 44. Rb7 c4 45. Rc7 Ra8 46. Rxc4 Ra7 47. Rc8 1-0